ECON macro: principles of macroeconomics. / (Record no. 8549)

MARC details
000 -LEADER
fixed length control field 01386cam a22003974i 4500
001 - CONTROL NUMBER
control field 17972131
003 - CONTROL NUMBER IDENTIFIER
control field OSt
005 - DATE AND TIME OF LATEST TRANSACTION
control field 20220131133828.0
008 - FIXED-LENGTH DATA ELEMENTS--GENERAL INFORMATION
fixed length control field 131216s2015 ctua 000 0 eng d
010 ## - LIBRARY OF CONGRESS CONTROL NUMBER
LC control number 2013957655
020 ## - INTERNATIONAL STANDARD BOOK NUMBER
International Standard Book Number 9781111826703
020 ## - INTERNATIONAL STANDARD BOOK NUMBER
International Standard Book Number 1111826706
035 ## - SYSTEM CONTROL NUMBER
System control number (OCoLC)ocn903955607
040 ## - CATALOGING SOURCE
Original cataloging agency TUC
Transcribing agency TUC
Modifying agency DLC
Description conventions rda
Modifying agency DLC
042 ## - AUTHENTICATION CODE
Authentication code lccopycat
050 00 - LIBRARY OF CONGRESS CALL NUMBER
Classification number HB172.5.M37
100 1# - MAIN ENTRY--PERSONAL NAME
Personal name McEachern, William A.,
245 10 - TITLE STATEMENT
Title ECON macro: principles of macroeconomics. /
Statement of responsibility, etc. William A. McEachern.
250 ## - EDITION STATEMENT
Edition statement Student edition 3.
260 ## - PUBLICATION, DISTRIBUTION, ETC.
Place of publication, distribution, etc. Mason Ohio:
Name of publisher, distributor, etc. South-Western,
Date of publication, distribution, etc. 2012.
300 ## - PHYSICAL DESCRIPTION
Extent xii, 336 p. :
Other physical details color illustrations,
336 ## - CONTENT TYPE
Content type term text
Source rdacontent
336 ## - CONTENT TYPE
Content type term still image
Source rdacontent
337 ## - MEDIA TYPE
Media type term unmediated
Source rdamedia
338 ## - CARRIER TYPE
Carrier type term volume
Source rdacarrier
500 ## - GENERAL NOTE
General note Title from cover.
505 ## - FORMATTED CONTENTS NOTE
Formatted contents note Contents:
650 #0 - SUBJECT ADDED ENTRY--TOPICAL TERM
Topical term or geographic name entry element Macroeconomics.
856 41 - ELECTRONIC LOCATION AND ACCESS
Materials specified Table of contents only
Uniform Resource Identifier <a href="http://www.loc.gov/catdir/enhancements/fy1506/2013957655-t.html">http://www.loc.gov/catdir/enhancements/fy1506/2013957655-t.html</a>
856 42 - ELECTRONIC LOCATION AND ACCESS
Materials specified Publisher description
Uniform Resource Identifier <a href="http://www.loc.gov/catdir/enhancements/fy1506/2013957655-d.html">http://www.loc.gov/catdir/enhancements/fy1506/2013957655-d.html</a>
856 42 - ELECTRONIC LOCATION AND ACCESS
Materials specified Contributor biographical information
Uniform Resource Identifier <a href="http://www.loc.gov/catdir/enhancements/fy1506/2013957655-b.html">http://www.loc.gov/catdir/enhancements/fy1506/2013957655-b.html</a>
906 ## - LOCAL DATA ELEMENT F, LDF (RLIN)
a 7
b cbc
c copycat
d 3
e ncip
f 20
g y-gencatlg
942 ## - ADDED ENTRY ELEMENTS (KOHA)
Source of classification or shelving scheme Library of Congress Classification
Koha item type Books
Holdings
Withdrawn status Lost status Source of classification or shelving scheme Damaged status Not for loan Home library Current library Shelving location Date acquired Total Checkouts Full call number Barcode Date last seen Price effective from Koha item type
    Library of Congress Classification     WISCONSIN INTERNATIONAL UNIVERSITY COLLEGE, GHANA KUMASI LIBRARY WISCONSIN INTERNATIONAL UNIVERSITY COLLEGE, GHANA KUMASI LIBRARY General Stacks 25/10/2019   HB172.5.M37(3e) K/614/614/19 31/01/2022 31/01/2022 Books

If you have any concerns or questions; kindly contact the library


© Powered by WIUC ICT DIRECTORATE